Taraqi pasand tehreq o sahafat mokalmaat (Urdu) (Record no. 23615)

000 -LEADER
fixed length control field 00185nam a22000617a 4500
003 - CONTROL NUMBER IDENTIFIER
control field Nust
005 - DATE AND TIME OF LATEST TRANSACTION
control field 20170526162450.0
008 - FIXED-LENGTH DATA ELEMENTS--GENERAL INFORMATION
fixed length control field 131219b xxu||||| |||| 00| 0 eng d
040 ## - CATALOGING SOURCE
Original cataloging agency DLC
Language of cataloging DLC
Transcribing agency RCMS
082 ## - DEWEY DECIMAL CLASSIFICATION NUMBER
Classification number 070 NAZ
100 ## - MAIN ENTRY--PERSONAL NAME
Personal name Dr Ahsan Akhtar Naz
9 (RLIN) 121
245 ## - TITLE STATEMENT
Title Taraqi pasand tehreq o sahafat mokalmaat (Urdu)
Statement of responsibility, etc. Dr Ahsan Akhtar Naz
260 ## - PUBLICATION, DISTRIBUTION, ETC.
Place of publication, distribution, etc. Lahore
Name of publisher, distributor, etc. Al -Qumar Inter prizes
Date of publication, distribution, etc. 2008
300 ## - PHYSICAL DESCRIPTION
Extent 256,p:
Other physical details ill:
Dimensions 22,cm
538 ## - SYSTEM DETAILS NOTE
Display text Shelf # 13, Row # 3, Fiction.
650 ## - SUBJECT ADDED ENTRY--TOPICAL TERM
Topical term or geographic name entry element Journalism
9 (RLIN) 144
856 ## - ELECTRONIC LOCATION AND ACCESS
Materials specified Table of Content Only
942 ## - ADDED ENTRY ELEMENTS (KOHA)
Source of classification or shelving scheme
Koha item type Fiction
Holdings
Withdrawn status Lost status Source of classification or shelving scheme Damaged status Not for loan Collection code Permanent Location Current Location Shelving location Date acquired Total Checkouts Full call number Barcode Date last seen Price effective from Koha item type
            School of Interdisciplinary Engineering and Sciences (SINES) School of Interdisciplinary Engineering and Sciences (SINES) Fiction 12/19/2013   070 NAZ RCMS000891 12/19/2013 12/19/2013 Fiction
            School of Interdisciplinary Engineering and Sciences (SINES) School of Interdisciplinary Engineering and Sciences (SINES) Fiction 12/19/2013   070 NAZ RCMS000892 12/19/2013 12/19/2013 Fiction
© 2023 Central Library, National University of Sciences and Technology. All Rights Reserved.